00000000nam 2200000zi 4500
0019.953209
003CaOODSP
00520250715100934
006m     o  d f      
007cr |n|||||||||
008250715t20252025onc     o    f000 0 eng d
020 |z9780660183619
040 |aCaOODSP|beng|erda|cCaOODSP
043 |an-cn---
0861 |aBT43-166/2025E-PDF|zBT43-166/1997E-PDF
1101 |aCanada. |bTreasury Board, |eissuing body.
24510|aSelf-funded leave policy (update).
264 1|aOttawa, Ontario : |bTreasury Board of Canada Secretariat = Secrétariat du Conseil du Trésor du Canada, |c2025.
264 4|c©2025
300 |a1 online resource (15 unnumbered pages)
336 |atext|btxt|2rdacontent
337 |acomputer|bc|2rdamedia
338 |aonline resource|bcr|2rdacarrier
500 |aIssued also in French under title: Politique sur le congé auto-financé (mis à jour).
500 |a"Published: 2025-01-06 ."
500 |aCatalogue number (BT43-166/1997E-PDF) and ISBN (9780660183619) from earlier edition printed in this publication.
650 0|aLeave of absence|xGovernment policy|zCanada.
651 0|aCanada|xOfficials and employees|xLeave regulations.
77508|tPolitique sur le congé auto-financé (mis à jour).|w(CaOODSP)9.953215
795 |tSelf-funded leave policy |w(CaOODSP)9.844502
85640|qPDF|s193 KB|uhttps://publications.gc.ca/collections/collection_2025/sct-tbs/BT43-166-2025-eng.pdf
8564 |qHTML|sN/A|uhttps://www.tbs-sct.canada.ca/pol/doc-eng.aspx?id=12588